Giúp ôn tập tốt toán cao cấp Dành cho sinh viên các trường Đại học Kỹ thuật
Đã lưu trong:
| 主要作者: | |
|---|---|
| 格式: | 图书 |
| 语言: | Undetermined |
| 出版: |
Hà Nội
ĐHQG
2000
|
| 主题: | |
| 标签: |
添加标签
没有标签, 成为第一个标记此记录!
|
| Thư viện lưu trữ: | Trung tâm Học liệu Trường Đại học Cần Thơ |
|---|
| LEADER | 00615nam a2200181Ia 4500 | ||
|---|---|---|---|
| 001 | CTU_47985 | ||
| 008 | 210402s9999 xx 000 0 und d | ||
| 082 | |a 515.076 | ||
| 082 | |b Gi521/T2 | ||
| 100 | |a Lê Ngọc Lăng ...[et al.] | ||
| 245 | 0 | |a Giúp ôn tập tốt toán cao cấp | |
| 245 | 0 | |b Dành cho sinh viên các trường Đại học Kỹ thuật | |
| 245 | 0 | |c Lê Ngọc Lăng ...[et al.] | |
| 260 | |a Hà Nội | ||
| 260 | |b ĐHQG | ||
| 260 | |c 2000 | ||
| 650 | |a mathematical analysis - problems, exercises, etc. | ||
| 980 | |a Trung tâm Học liệu Trường Đại học Cần Thơ | ||